00613 2200193 4500001002100000005001700021008004100038035002400079082001200103090001800115100002300133245007700156260010700233300002000340650002900360990001000389990001000399990001000409YOGYA-0512000000074820120529182009.0 ind  0010-051200000000748 a899.221 a899.221 Sin A aSINDUSASTRA, R.Ng. aArjunasasrabahucR.Ng. Sindusastra; alih aksara Sudibjo Z. Hadisutjipto. aJakartabDepartemen Pendidikan dan Kebudayaan Proyek Penerbitan Buku Sastra Indonesia dan Daerahc1985 a108 hlm.c21 cm aKesusastraan daerah-Jawa a538-A a538-A a538-A